000 00626nam a2200205 a 4500
001 000026219
005 20200930024414.0
008 110210s1991 cu 000 | spa d
040 _aDO-SdBNP
_bspa
_cBNPHU
082 _axxxx
_bG111c
100 1 _aGilí C., Roberto,
_953242
245 1 0 _aCazando tigre con la mano /
_cRoberto Gilí C. ; edición Nora Madan ; prólogo Marta Rojas.
260 _aBuenos Aires :
_bLosada,
_c1991.
300 _ax, 169 p. :
_bil. ;
_c18 cm.
490 1 _aCurujey
700 1 _aMadan, Nora,
_eed.
_922742
700 1 _aRojas, Marta,
_epról.
_938494
830 0 _aCurujey
_953243
049 _aBNPD
999 _c25711
_d25711